| 000 | 00630nam a2200193Ia 4500 | ||
|---|---|---|---|
| 008 | 090123s9999 xx 000 0 und d | ||
| 082 | _b42349 | ||
| 100 | _aअलेक्झांडर पी. सी. | ||
| 245 | _aइंदिरा अंतिम पर्व | ||
| 250 | _a1 | ||
| 260 | _c1995 | ||
| 300 | _a144 | ||
| 600 | _aअलेक्झांडर पी. सी. | ||
| 630 | _aइंदिरा अंतिम पर्व | ||
| 700 | _aअलेक्झांडर पी. सी. | ||
| 700 | _aजैन अशोक | ||
| 730 | _aइंदिरा अंतिम पर्व | ||
| 942 | _cBOOK | ||
| 999 |
_c80424 _d80424 |
||